Integrity and internal control in information systems : IFIP TC11 Working Group 11.5 Second Working Conference on Integrity and Internal Control in Information Systems : Bridging Business Requirements and Research Resualts Warrenton, Virginia, USA, November 19-20, 1998
Saved in:
| Corporate Author: | |
|---|---|
| Other Authors: | |
| Format: | Conference Proceeding Book |
| Language: | English |
| Published: |
Boston :
Kluwer Academic Publishers,
c1998.
|
| Series: | International Federation for Information Processing (Series)
9 |
| Subjects: | |
| Tags: |
Add Tag
No Tags, Be the first to tag this record!
|
MARC
| LEADER | 00000cam a2200000 i 4500 | ||
|---|---|---|---|
| 001 | 1/18679 | ||
| 008 | 010319s1998 mau| ||| |||| ||eng|| | ||
| 020 | |a 0412847701 | ||
| 035 | |l 10066576 | ||
| 040 | |a GR-MyUa |b gre |e AACR2 | ||
| 041 | 0 | |a eng | |
| 082 | 7 | |a 658.4038 |2 (22) | |
| 111 | 2 | |a IFIP TC11 Working Group 11.5 Working Conference on Integrity and Internal Control in Information Systems: Bridging Business Requirements and Research Results |n (2nd : |d 1998 : |c Warrenton, Va.) | |
| 245 | 1 | 0 | |a Integrity and internal control in information systems : |b IFIP TC11 Working Group 11.5 Second Working Conference on Integrity and Internal Control in Information Systems : Bridging Business Requirements and Research Resualts Warrenton, Virginia, USA, November 19-20, 1998 / |c edited by Sushil Jajodia...[et al.]. |
| 260 | |a Boston : |b Kluwer Academic Publishers, |c c1998. | ||
| 300 | |a viii, 290 σ. : |b εικ. ; |c 25 εκ. | ||
| 490 | 1 | |a (International Federation for Information Processing ; |v 9) | |
| 504 | |a Περιλαμβάνει βιβλιογραφικές παραπομπές και ευρετήρια. | ||
| 650 | 0 | |a Information resources management. | |
| 700 | 1 | |a Jajodia, Sushil, |e edt | |
| 830 | 0 | |a International Federation for Information Processing (Series) |v 9 | |
| 852 | |a INST |b SAMOS |e 20010319 |h 658.4038 IFI |p 005300021314 |q 005300021314 |t BK |y 0 | ||
| 901 | |a BIBL3-2001-1 | ||
| 922 | |a 3ΕΛΗ |b 200102 |c ΤΠΕΣ/ΚΒ |d Μιχαλόπουλος | ||
| 950 | |a 133-2000-12-07 | ||
| 970 | |a Κοσιέρης |b Χρήστος |z 21/03/2001 | ||